| 000 | 00419nam a2200097Ia 4500 | ||
|---|---|---|---|
| 008 | 180130s9999 xx 000 0 und d | ||
| 245 |
_cSanchez-Salas, Diana Alejandra; Cuevas-Ruiz, Jose Luis; Gonzalez-Mendoza, Miguel _aWireless channel model with Markov chains using computer science |
||
| 260 | _c2015 | ||
| 300 | _aBook title: Computer science handbook--Acession number C20740; pages 67-100 | ||
| 650 | _aCOMPUTER SCIENCE | ||
| 999 |
_c353826 _d353826 |
||